000 00650nam a22001697a 4500
003 OSt
005 20171010095440.0
008 120608t xxu||||| |||| 00| 0 eng d
040 _aMMSU
_cULS
100 _aPura, Ma. Elaine U., Tabutol, Mariefel E.
_910093
245 _aComputerized collection transaction processing system for the Municipality of Batac, Ilocos Norte
_cMa. Elaine E. Pura, Mariefel E. Tabutol
260 _c2007
300 _axiii, 92 leaves
_c28 cm.
500 _aThesis (BS Computer Science) -- Mariano Marcos State University-College of Arts and Sciences, Batac City
504 _aBibliography: leaf 90
942 _2ddc
_cTHEDIS
999 _c9540
_d9540